00698 2200217 4500001002100000005001500021035002000036007000300056008004100059020001800100082001000118084001600128100002300144245004800167260004400215300001200259500015200271650003300423856001700456990000700473INLIS00000000000004120220121094319 a0010-0122000041ta220121 0 ind  a9789792725988 a004.6 a004.6 JUB m0 aJubilee Enterprise1 aMenguasai Teknik File Sharing Secara Online aJakarta :bElex Media Komputindo,c2008 a190 hlm aBuku ini diberikan teknik-teknik melakukan file sharing secara online menggunakan sarana berupa aplikasi maupun fasilitas website berbasis aplikasi 4aJaringan Komunikasi Komputer aKoleksi Umum a65